| 000 | 00995cas a22002175 4500 | ||
|---|---|---|---|
| 001 | L139817 | ||
| 008 | 070813c2000 at qr ws 0 a0eng u | ||
| 022 | 1 | _a1444-8921 | |
| 035 | _a(Sirsi) u139817 | ||
| 041 | 0 | _aeng | |
| 110 | 2 |
_aPacific Rim Real Estate Society _94127 |
|
| 245 | 0 | 0 |
_aPacific Rim Property Research Journal _h[electronic resource] |
| 260 | 3 |
_aPenrith South _bPRRES _c1995- |
|
| 362 | 0 | _aVol 6 No 1 2000- | |
| 520 | _aThe official quarterly refereed journal of the Pacific Rim Real Estate Society publishes applied property research papers relating to all aspects of property in the Pacific Rim region. Papers from 2000 are available online, abstracts are available for older papers. | ||
| 554 |
_aTwo issues per year; Quarterly _b2001- |
||
| 651 | 4 | _aAsia | |
| 690 | _aPROPERTY-COMMERCIAL PROPERTY | ||
| 856 | 4 | 0 |
_uhttps://www.prres.net/index.htm?http://www.prres.net/Journals/Research_Journal.htm _zView the online journal free of charge at www.prres.net... |
| 942 | _n0 | ||
| 999 |
_c119131 _d119131 |
||